01437nam a2200301 a 450000100100000000500170001000800410002702000150006804000250008304100130010808200150012110000280013624000680016424502230023226000390045530000330049449000190052750400730054650001310061953400920075070000290084270000470087170000440091883000280096204900090099095201190099999900170111800002647520200930030238.0110321s1993 mx a r 000 0 spa d a0226388565 aDO-SdBNPbspacBNPHU17aspaheng axxxbL984t1 aLyengar, Shanto,95353910aNews that matters. Television and American opinion.lEspañol.10aLa televisión y la opinión pública :bla información es poder /cShanto Iyengar y Donald R. Kinder ; traducción del inglés Elsa Ruth Martínez Conde ; cuidado de la edición María Elsa López Paniagua. aMéxico, D. F. :bGernika,c1993. a275, [2] p. :bil. ;c22 cm.1 aPeriodismov17 aIncluye referencias bibliográficas y notas al pie de las páginas aIncluye apéndice B fuentes de los datos, especificación de los modelos y procedimientos para las estimaciones (p. 217-245) aTítulo del original en inglés:tNews that matters. Television and American opinion.1 aKinder, Donald R.9535401 aLópez Paniagua, María Elsaeed.9447161 aMartínez Conde, Elsa Ruthetr.953541 0aPeriodismo ;v17949873 aBNGR 001054708MOaGRbGRcCTd2011-03-21iLF1l0oxxx L984tp26475-10r2020-06-25w2020-06-25y4ZPréstamo en sala c25967d25967